| 000 | 00376nam a2200157Ia 4500 | ||
|---|---|---|---|
| 008 | 230524s9999 xx 000 0 und d | ||
| 082 |
_a658.45 _bVIS |
||
| 100 |
_aSuresh T.Viswanathan _916930 |
||
| 245 | 4 | _aThe Indian Cyber Law | |
| 250 | _a2ND | ||
| 260 |
_aNEW DELHI _bBharat _c2001 |
||
| 300 | _a424 | ||
| 500 | _aQuantity Number: 1 | ||
| 650 | _aComp-Sc | ||
| 942 | _cBK | ||
| 999 |
_c25621 _d25621 |
||